Дело по отношению директора канцелярии министра внутренних дел о состоянии тюремных замков, гражданских госпиталей и заведений п...

Доступно только в Электронных читальных залах Найти на картеНа карте
RUSMARC
00003658nmc2a2200000 x 450
0018977c153-9c09-4cee-b3a3-3b00652607e1
00520160627200830.0
100##$a20151109l18371839k l0rusy0189 ca
1010#$arus
102##$aRU
2001#$aДело по отношению директора канцелярии министра внутренних дел о состоянии тюремных замков, гражданских госпиталей и заведений приказа общественного призрения в городах Оренбургской губернии
$j9 февраля 1837 г. - 7 ноября 1839 г.
251##$cДело
300##$aДело
801#0$aRU
$bРГИА
$c20151109
$gRCR
801#1$aRU
$bГлавНИВЦ
$c20151109
$2rusmarc
801#2$aRU
$bПБ им. Б.Н. Ельцина
$c20160627
$gRCR
$2rusmarc
850##$aРГИА
852##$aРГИА
$eФедеральное казенное учреждение "Российский государственный исторический архив" (РГИА)
$j388
937##$hРГИА
$d12179695
$aASBIBLIO_SCAN
461#0$10013e300ed0-cd39-49af-8489-5ba5b90fa401
$12001
$aДепартамент полиции исполнительной МВД
$1251
$cФонд
$1852
$j1286
215##$a37 л.
$d36,5х26 см
371##$aДокумент не является опубликованным и широко распространяемым
105##$ay###
1222#$ad
462#0$1001cf8ff823-a729-4add-9722-5203028a801d
$12001
$a1835-1837 гг. Дела Департамента полиции исполнительной МВД за 1837 г.
$1251
$cОпись
$1852
$j6
$l1837 г.
035##$a8977c153-9c09-4cee-b3a3-3b00652607e1
Формат отображения